Đường thi tuyển dịch

محفوظ في:
التفاصيل البيبلوغرافية
التنسيق: كتاب
اللغة:Undetermined
منشور في: Huế Thuận Hóa 2003
الموضوعات:
الوسوم: إضافة وسم
لا توجد وسوم, كن أول من يضع وسما على هذه التسجيلة!
Thư viện lưu trữ: Trung tâm Học liệu Trường Đại học Cần Thơ
LEADER 00513nam a2200193Ia 4500
001 CTU_58378
008 210402s9999 xx 000 0 und d
020 |b 50000 
082 |a 895.11008 
082 |b Đ561 
245 0 |a Đường thi tuyển dịch 
245 0 |c Trương Đình Tín biên dịch 
260 |a Huế 
260 |b Thuận Hóa 
260 |c 2003 
650 |a tang poetry 
650 |x collections 
904 |i Minh 
980 |a Trung tâm Học liệu Trường Đại học Cần Thơ